[Event "Vaujany op-A 8th"]
[Site "Vaujany"]
[Date "2017.07.21"]
[Round "9.25"]
[White "Boghossian, Pierre"]
[Black "Anton, Jose"]
[Result "1-0"]
[WhiteElo "1946"]
[BlackElo "1846"]
[PlyCount "45"]
[EventDate "2017.07.13"]
[EventType "swiss"]
[EventRounds "9"]
[EventCountry "FRA"]
[SourceTitle "EXT 2020"]
[Source "ChessBase"]
[SourceDate "2019.10.17"]
[SourceVersion "1"]
[SourceVersionDate "2019.10.17"]
[SourceQuality "1"]

1. Nf3 d6 2. d4 Nf6 3. Bf4 Bf5 4. e3 Nbd7 5. Nc3 c6 6. Bd3 Bxd3 7. Qxd3 Qc7 8. Bg5 e5 9. dxe5 dxe5 10. 0-0-0 0-0-0 11. Bxf6 gxf6 12. Qf5 Be7 13. Ne4 Kb8 14. Rd2 Qa5 15. Rxd7 Qxa2 16. Nc3 Qa1+ 17. Nb1 Bb4 18. Rhd1 Rdf8 19. Qxf6 a5 20. c3 Qa2 21. cxb4 Qc4+ 22. Nc3 axb4 23. Qxe5+ 1-0

[Event "Vaujany op-A 8th"]
[Site "Vaujany"]
[Date "2017.07.13"]
[Round "1.13"]
[White "Joie, Sebastien"]
[Black "Boghossian, Pierre"]
[Result "1-0"]
[WhiteElo "2376"]
[BlackElo "1948"]
[PlyCount "61"]
[EventDate "2017.07.13"]
[EventType "swiss"]
[EventRounds "9"]
[EventCountry "FRA"]
[SourceTitle "EXT 2020"]
[Source "ChessBase"]
[SourceDate "2019.10.17"]
[SourceVersion "1"]
[SourceVersionDate "2019.10.17"]
[SourceQuality "1"]

1. Nf3 c5 2. e4 a6 3. c4 e6 4. Nc3 Ne7 5. d4 cxd4 6. Nxd4 Nbc6 7. Nb3 Ng6 8. Bd3 Bb4 9. 0-0 Nge5 10. Be2 0-0 11. f4 Ng6 12. Be3 b6 13. Bd3 Bxc3 14. bxc3 Bb7 15. Qh5 Nce7 16. g4 d5 17. cxd5 f5 18. Rad1 fxe4 19. Bxe4 exd5 20. f5 Ne5 21. f6 N7g6 22. Bxg6 Nxg6 23. f7+ Kh8 24. Rf5 Qh4 25. Bg5 Qxh5 26. gxh5 Bc8 27. Rfxd5 Be6 28. hxg6 Bxd5 29. Rxd5 hxg6 30. Rd7 Rac8 31. Nd4 1-0

[Event "Bouches-du-Rhone-ch 1516"]
[Site "Vitrolles"]
[Date "2016.03.19"]
[Round "8"]
[White "Joubert, Leo"]
[Black "Boghossian, Pierre"]
[Result "0-1"]
[WhiteElo "1886"]
[BlackElo "1956"]
[PlyCount "23"]
[EventDate "2015.09.26"]
[EventType "tourn"]
[EventRounds "9"]
[EventCountry "FRA"]
[SourceTitle "EXT 2024"]
[Source "ChessBase"]
[SourceDate "2023.10.10"]
[SourceVersion "1"]
[SourceVersionDate "2023.10.10"]
[SourceQuality "1"]

1. c4 e5 2. g3 Nc6 3. Bg2 f5 4. Nc3 Nf6 5. Nf3 Bb4 6. Nd5 d6 7. 0-0 0-0 8. Nxb4 Nxb4 9. d3 Qe8 10. a3 Nc6 11. e3 Qh5 12. Ne1 0-1

[Event "Bouches du Rhone-ch 1415"]
[Site "Vitrolles"]
[Date "2015.04.04"]
[Round "8"]
[White "Charvein, Gabriel"]
[Black "Boghossian, Pierre"]
[Result "1/2-1/2"]
[WhiteElo "1883"]
[BlackElo "1988"]
[PlyCount "56"]
[EventDate "2014.10.04"]
[EventType "tourn"]
[EventRounds "9"]
[EventCountry "FRA"]
[SourceTitle "EXT 2016"]
[Source "ChessBase"]
[SourceDate "2015.10.08"]
[SourceVersion "1"]
[SourceVersionDate "2015.10.08"]
[SourceQuality "1"]

1. e4 e6 2. d4 d5 3. exd5 exd5 4. c4 Nc6 5. Nf3 Bg4 6. Be2 Bb4+ 7. Bd2 Bxf3 8. Bxf3 Qe7+ 9. Kf1 Bxd2 10. Qxd2 Qb4 11. Qxb4 Nxb4 12. Nc3 0-0-0 13. Nxd5 Nxd5 14. Bxd5 Nf6 15. Bf3 Rxd4 16. b3 Rhd8 17. g3 Nd7 18. Kg2 Ne5 19. Rhe1 f6 20. Re2 a5 21. Be4 g6 22. h4 c6 23. h5 gxh5 24. Bxh7 Kc7 25. Bf5 Rd2 26. Rae1 Kb6 27. Kf1 Kc5 28. Rxd2 Rxd2 1/2-1/2

[Event "Bouches du Rhone-ch 1415"]
[Site "Vitrolles"]
[Date "2015.02.07"]
[Round "6"]
[White "Boghossian, Pierre"]
[Black "Massardo, Quentin"]
[Result "0-1"]
[WhiteElo "1988"]
[BlackElo "1900"]
[PlyCount "81"]
[EventDate "2014.10.04"]
[EventType "tourn"]
[EventRounds "9"]
[EventCountry "FRA"]
[SourceTitle "EXT 2016"]
[Source "ChessBase"]
[SourceDate "2015.10.08"]
[SourceVersion "1"]
[SourceVersionDate "2015.10.08"]
[SourceQuality "1"]

1. e4 Nf6 2. e5 Nd5 3. c4 Nb6 4. d4 d6 5. exd6 cxd6 6. Nc3 g6 7. Be3 Bg7 8. Rc1 0-0 9. b3 Bf5 10. Be2 e5 11. d5 Na6 12. h4 Nc8 13. g4 Bd7 14. Qd2 f5 15. gxf5 gxf5 16. Bg5 Qa5 17. Bh6 f4 18. Bxg7 Kxg7 19. Nf3 Ne7 20. Ng5 Nc5 21. Ne6+ Bxe6 22. dxe6 Nxe6 23. Qxd6 Kf6 24. Bg4 Nf5 25. Qd2 Qd8 26. Nd5+ Kg7 27. Qe2 Ned4 28. Qxe5+ Kg8 29. Rg1 Re8 30. Bh5+ Kf8 31. Qxe8+ Qxe8+ 32. Bxe8 Rxe8+ 33. Kd2 Nf3+ 34. Kc3 N5d4 35. Nxf4 Nxg1 36. Rxg1 Re4 37. Rd1 Nc6 38. Ng2 Re2 39. Rd2 Re7 40. Ne3 Ne5 41. h5 0-1

[Event "FRA-chT2 South 0708"]
[Site "France"]
[Date "2007.12.16"]
[Round "4.7"]
[White "Roussiere, Christophe"]
[Black "Boghossian, Pierre"]
[Result "1-0"]
[WhiteElo "2108"]
[BlackElo "2029"]
[PlyCount "87"]
[EventDate "2007.10.21"]
[EventType "team"]
[EventRounds "11"]
[EventCountry "FRA"]
[SourceTitle "EXT 2009"]
[Source "ChessBase"]
[SourceDate "2008.11.26"]
[SourceVersion "1"]
[SourceVersionDate "2008.11.26"]
[SourceQuality "1"]
[WhiteTeam "Monaco"]
[BlackTeam "Vitrolles"]
[WhiteTeamCountry "FRA"]
[BlackTeamCountry "FRA"]

1. e4 e6 2. d4 d5 3. Nc3 Bb4 4. e5 c5 5. Bd2 Nc6 6. Nb5 Bxd2+ 7. Qxd2 cxd4 8. Nf3 f6 9. Nbxd4 Nh6 10. Nxc6 bxc6 11. Bd3 0-0 12. 0-0 f5 13. c4 Nf7 14. Rfe1 Qb6 15. Rac1 Rb8 16. b3 a5 17. c5 Qc7 18. Re2 h6 19. h4 Nh8 20. Nd4 Rb4 21. Bb1 Re8 22. a3 Rb8 23. Bd3 Ng6 24. h5 Ne7 25. f4 Kh7 26. Re3 Rg8 27. Kf2 g6 28. hxg6+ Rxg6 29. Rh3 Ng8 30. Qe2 Qg7 31. g3 Bd7 32. Rch1 Rf8 33. Qd2 Ra8 34. Be2 Qe7 35. Qc2 Rb8 36. Rh4 Qg7 37. g4 fxg4 38. Rxg4 Ne7 39. Rhg1 Rf8 40. Bd3 Qxe5 41. Bxg6+ Kh8 42. Nf3 Rxf4 43. Rxf4 Qxf4 44. Qc3+ 1-0

[Event "FRA-chT2 South 0607"]
[Site "France"]
[Date "2006.10.15"]
[Round "1.6"]
[White "Boghossian, Pierre"]
[Black "Coutton, Sylvain"]
[Result "1-0"]
[WhiteElo "2043"]
[BlackElo "2160"]
[PlyCount "53"]
[EventDate "2006.10.15"]
[EventType "team"]
[EventRounds "11"]
[EventCountry "FRA"]
[SourceTitle "EXT 2008"]
[Source "ChessBase"]
[SourceDate "2007.11.25"]
[SourceVersion "1"]
[SourceVersionDate "2007.11.25"]
[SourceQuality "1"]
[WhiteTeam "Vitrolles"]
[BlackTeam "Nice"]
[WhiteTeamCountry "FRA"]
[BlackTeamCountry "FRA"]

1. e4 c5 2. Nc3 Nc6 3. f4 g6 4. Nf3 Bg7 5. Bc4 e6 6. f5 Nge7 7. fxe6 fxe6 8. d3 d5 9. exd5 exd5 10. Bb5 0-0 11. Bxc6 Nxc6 12. 0-0 Bg4 13. h3 Bf5 14. Bg5 Qd6 15. Qd2 Rae8 16. Bh6 d4 17. Nb5 Qd7 18. Bxg7 Kxg7 19. Rae1 Nb4 20. Nbxd4 Bxh3 21. Rxe8 Rxe8 22. gxh3 Qxh3 23. Ne2 Nd5 24. Nf4 Qg3+ 25. Ng2 Re3 26. Qf2 Qg4 27. Ne5 1-0

[Event "Vitrolles Majeur op 0405"]
[Site "Vitrolles"]
[Date "2005.03.05"]
[Round "7"]
[White "Boghossian, Pierre"]
[Black "Zejneli, Skender"]
[Result "1/2-1/2"]
[WhiteElo "2126"]
[BlackElo "2050"]
[PlyCount "80"]
[EventDate "2004.10.16"]
[EventType "swiss"]
[EventRounds "9"]
[EventCountry "FRA"]
[SourceTitle "EXT 2008"]
[Source "ChessBase"]
[SourceDate "2007.11.25"]
[SourceVersion "1"]
[SourceVersionDate "2007.11.25"]
[SourceQuality "1"]

1. e4 c5 2. Nc3 g6 3. f4 Bg7 4. Nf3 e6 5. f5 Ne7 6. fxe6 dxe6 7. Bc4 Nbc6 8. d3 a6 9. a4 Ne5 10. Nxe5 Bxe5 11. 0-0 0-0 12. Bh6 Bg7 13. Qd2 Nc6 14. Bxg7 Kxg7 15. Qf4 Qd4+ 16. Kh1 Qe5 17. Qh4 Nd4 18. Rf2 f5 19. Raf1 Bd7 20. exf5 exf5 21. Bd5 Rab8 22. g4 Be6 23. Bxe6 Qxe6 24. gxf5 Rxf5 25. Rxf5 Nxf5 26. Qf4 Rf8 27. Kg1 Qe3+ 28. Qxe3 Nxe3 29. Rxf8 Kxf8 30. Ne4 b6 31. c3 a5 32. Nd6 Nd5 33. d4 cxd4 34. cxd4 Ke7 35. Nc4 Ke6 36. Kf2 h5 37. Kf3 g5 38. Kg3 Kf5 39. Nd6+ Ke6 40. Nc4 Kf5 1/2-1/2

[Event "FRA-chT2 0405"]
[Site "France"]
[Date "2004.11.07"]
[Round "3.6"]
[White "Boghossian, Pierre"]
[Black "Djoudi, Amar"]
[Result "1/2-1/2"]
[WhiteElo "2126"]
[BlackElo "2153"]
[PlyCount "98"]
[EventDate "2004.10.10"]
[EventType "team"]
[EventRounds "11"]
[EventCountry "FRA"]
[SourceTitle "EXT 2006"]
[Source "ChessBase"]
[SourceDate "2005.11.24"]
[SourceVersion "1"]
[SourceVersionDate "2005.11.24"]
[SourceQuality "1"]

1. e4 d5 2. exd5 Nf6 3. c4 c6 4. d4 cxd5 5. Nc3 Nc6 6. Bg5 dxc4 7. d5 Ne5 8. Qd4 Nd3+ 9. Bxd3 cxd3 10. Qxd3 Qb6 11. Nge2 e6 12. Bxf6 gxf6 13. dxe6 Bxe6 14. 0-0 Rd8 15. Qf3 Rg8 16. Nf4 Qc6 17. Qxc6+ bxc6 18. Nxe6 fxe6 19. Rad1 Rxd1 20. Rxd1 Rg4 21. f3 Rb4 22. b3 f5 23. Kf2 c5 24. Na4 c4 25. Rb1 cxb3 26. axb3 Rd4 27. Ke2 Bd6 28. h3 Bb4 29. Rd1 Rxd1 30. Kxd1 Kd7 31. Kc2 h5 32. Kd3 Kc6 33. Nb2 Bd6 34. Kc4 a5 35. Nd3 h4 36. Kd4 Bg3 37. f4 Kd6 38. Kc4 Kc6 39. Nc5 Bxf4 40. Nxe6 Be3 41. Ng7 f4 42. Nf5 Bf2 43. Ne7+ Kd6 44. Ng6 Bg3 45. Kb5 Ke6 46. Kxa5 Kf6 47. Nf8 Ke7 48. Nh7 f3 49. gxf3 Bf4 1/2-1/2